[Event "Neumarkt am Wallersee op 09th"]
[Site "Neumarkt am Wallersee"]
[Date "2010.08.28"]
[Round "8"]
[White "Eiter, Meinhart"]
[Black "Wimmer, Herbert1111"]
[Result "1/2-1/2"]
[WhiteElo "1964"]
[BlackElo "1954"]
[PlyCount "36"]
[EventDate "2010.08.21"]
[EventType "swiss"]
[EventRounds "9"]
[EventCountry "AUT"]
[SourceTitle "CBM 138 Extra"]
[Source "ChessBase"]
[SourceDate "2010.10.29"]
[SourceVersion "1"]
[SourceVersionDate "2010.10.29"]
[SourceQuality "1"]

1. Nf3 d5 2. d4 Nf6 3. Bf4 e6 4. e3 Nbd7 5. Bd3 c5 6. 0-0 c4 7. Be2 Be7 8. Nc3 Nh5 9. Bg3 Nxg3 10. fxg3 0-0 11. e4 Nf6 12. e5 Nd7 13. Qc1 f6 14. exf6 Bxf6 15. Qe3 Nb8 16. Nd1 Nc6 17. c3 Bd7 18. Nf2 e5 1/2-1/2

[Event "Latschach op 24th"]
[Site "Latschach"]
[Date "2008.08.10"]
[Round "3"]
[White "Eiter, Meinhart"]
[Black "Schmitz, Thorsten"]
[Result "0-1"]
[WhiteElo "2050"]
[BlackElo "2295"]
[PlyCount "76"]
[EventDate "2008.08.09"]
[EventType "swiss"]
[EventRounds "9"]
[EventCountry "AUT"]
[SourceTitle "CBM 125 Extra"]
[Source "ChessBase"]
[SourceDate "2008.09.01"]
[SourceVersion "1"]
[SourceVersionDate "2008.09.01"]
[SourceQuality "1"]

1. d4 Nf6 2. c4 g6 3. Nc3 Bg7 4. Nf3 0-0 5. g3 d5 6. cxd5 Nxd5 7. Bg2 Nxc3 8. bxc3 c5 9. 0-0 Nc6 10. e3 Qa5 11. Bd2 Bf5 12. Ne1 Rad8 13. e4 Bc8 14. d5 Bxc3 15. Bxc3 Qxc3 16. Qc1 Nd4 17. Qd1 b6 18. Kh1 Ba6 19. Rc1 Qa3 20. Rg1 Ne2 21. Nc2 Qxc1 22. Qxc1 Nxc1 23. Rxc1 e6 24. Ne3 exd5 25. exd5 f5 26. Rc3 Rd6 27. Ra3 b5 28. Bf1 c4 29. Bg2 b4 30. Ra5 b3 31. axb3 cxb3 32. Ra1 b2 33. Rb1 Rc8 34. Rxb2 Rc1+ 35. Nf1 Bxf1 36. Rb8+ Kg7 37. Rb7+ Kf6 38. Bxf1 Rxf1+ 0-1

[Event "Seefeld op 18th"]
[Site "Seefeld"]
[Date "2007.09.08"]
[Round "8"]
[White "Eiter, Meinhart"]
[Black "Werner, Bernd"]
[Result "1-0"]
[WhiteElo "1845"]
[BlackElo "1975"]
[PlyCount "89"]
[EventDate "2007.09.01"]
[EventType "swiss"]
[EventRounds "9"]
[EventCountry "AUT"]
[SourceTitle "EXT 2009"]
[Source "ChessBase"]
[SourceDate "2008.11.26"]
[SourceVersion "1"]
[SourceVersionDate "2008.11.26"]
[SourceQuality "1"]

1. d4 Nf6 2. Nf3 g6 3. Nbd2 d5 4. g3 Bg7 5. Bg2 0-0 6. 0-0 c6 7. Re1 Re8 8. Ne5 Nbd7 9. f4 Qb6 10. c3 Nxe5 11. fxe5 Nd7 12. Kh1 f6 13. exf6 exf6 14. e4 dxe4 15. Nxe4 Qd8 16. Bf4 f5 17. Qb3+ Kh8 18. Nd6 Rf8 19. Nf7+ Rxf7 20. Qxf7 Nf6 21. Re7 Qg8 22. Rae1 Qxf7 23. Rxf7 Kg8 24. Rc7 Ne4 25. Bxe4 fxe4 26. Rxe4 Bf5 27. Re3 h6 28. h4 h5 29. Kg1 Bb1 30. a3 Ba2 31. Rxb7 Bd5 32. Rb8+ Rxb8 33. Bxb8 a6 34. Re7 Bf6 35. Ra7 Bc4 36. Bf4 Kf8 37. Kf2 Ke8 38. Ke3 Kd8 39. Kd2 Be7 40. Kc2 Bf1 41. a4 Be2 42. b3 Ke8 43. c4 c5 44. d5 Bf6 45. Rxa6 1-0